MARC

LEADER 00000nam0a2200000 4500
001 364920
005 20231102011733.0
035 |a (RuTPU)RU\TPU\retro\22283 
090 |a 364920 
100 |a 20211203d1981 km y0rusy50 ca 
101 0 |a rus 
102 |a RU 
105 |a y z 001zy 
200 1 |a Региональные проблемы научно-технического прогресса в промышленности  |f Академия наук СССР ; Госплан УССР ; отв. ред. Н. Н. Некрасов 
210 |a Москва  |c Наука  |d 1981 
215 |a 214 с. 
225 1 |a Проблемы советской экономики 
320 |a Библиография в ссылках 
606 1 |a Промышленность  |x Экономика  |2 stltpush  |3 (RuTPU)RU\TPU\subj\36779  |9 58034 
606 1 |a Технический прогресс  |y СССР  |y Россия  |2 stltpush  |3 (RuTPU)RU\TPU\subj\60126  |9 77615 
610 1 |a региональные проблемы 
610 1 |a НТР 
610 1 |a производительные силы 
610 1 |a размещение 
610 1 |a природные ресурсы 
610 1 |a топливная промышленность 
610 1 |a химическая промышленность 
610 1 |a строительный комплекс 
610 1 |a легкая промышленность 
610 1 |a агропромышленный комплекс 
686 |a У9(2)30  |v LBC/SL-A  |2 rubbk 
686 |a У9(2)0-551  |v LBC/SL-A  |2 rubbk 
702 1 |a Некрасов  |b Н. Н.  |4 340 
712 0 2 |a Академия наук СССР  |c (Ленинград/Москва)  |c (1925-1991)  |2 stltpush  |3 (RuTPU)RU\TPU\col\722  |9 23473 
712 0 2 |a Госплан УССР  |2 stltpush  |3 (RuTPU)RU\TPU\col\8806  |9 24602 
801 1 |a RU  |b 63413507  |c 20211203 
801 2 |a RU  |b 63413507  |c 20211203  |g RCR 
942 |c BK